书目信息 |
| 题名: |
哈丽特·塔布曼
|
|
| 作者: | 厄尔·康拉德 著 | |
| 分册: | ||
| 出版信息: | 北京 生活·读书·新知三联书店 1979 |
|
| 页数: | 318页 | |
| 开本: | 19cm | |
| 丛书名: | ||
| 单 册: | ||
| 中图分类: | I712.4 | |
| 科图分类: | ||
| 主题词: | 文学 | |
| 电子资源: | ||
| ISBN: | ||
| 000 | 00541nam0 2200193 450 | |
| 001 | 0632306672 | |
| 005 | 20061115090214.85 | |
| 010 | @dCNY0.87 | |
| 100 | @a20061115d1979 km y0chiy0120 ea | |
| 101 | 0 | @achi |
| 102 | @aCN@b110000 | |
| 200 | 1 | @a哈丽特·塔布曼@Aha li te·ta bu man@f厄尔·康拉德著@Fe er·kang la de zhu |
| 210 | @a北京@c生活·读书·新知三联书店@d1979 | |
| 215 | @a318页@d19cm | |
| 606 | 0 | @a文学 |
| 690 | @aI712.4@v3 | |
| 701 | 0 | @a厄尔·康拉德@Ae er·kang la de@4著 |
| 801 | 0 | @aCN@bPFT@c20061115 |
| 905 | @a10447@dI712.4@e129 | |
| 哈丽特·塔布曼/厄尔·康拉德著.-北京:生活·读书·新知三联书店,1979 |
| 318页;19cm |
| ISBN :CNY0.87 |
| ● |
| 相关链接 |
|
|
|
|
正题名:哈丽特·塔布曼
索取号:I712.4/129
 
预约/预借
| 序号 | 登录号 | 条形码 | 馆藏地/架位号 | 状态 | 备注 |
| 1 | 0026069 | 001648382 | 第一样本阅览室/ [索取号:I712.4/129] | 在馆 |